Statistiques concernant Héros & Personnages de l'Iliade

Cliquez ici pour prendre le quiz!

Statistiques générales

  • Ce quiz a été pris 118 fois
  • Le résultat moyen est 10 sur 13

Statistiques - réponses

HintRéponse% Correct
roi d’IthaqueUlysse
97%
fils aîné de PriamHector
93%
fils de Pélée et de Thétis, roi des MyrmidonsAchille
90%
épouse de MénélasHélène
90%
roi de TroiePriam
90%
roi de Mycènes, chef de l’expédition grecqueAgamemnon
88%
fils de Priam, séducteur d’HélènePâris
86%
roi de Sparte et frère d'AgamemnonMénélas
85%
compagnon d'AchillePatrocle
70%
fille de Priam, prêtresseCassandre
51%
femme d’HectorAndromaque
44%
reine de TroieHécube
34%
roi de PylosNestor
33%

Distribution des résultats

Percentile par nombre de réponses

% des personnes avec chaque résultat

Votre développement - résultats

Vous n’avez pas pris ce quiz